Daily U.S. State Riddle #39 - Statistics

General Stats
  • This quiz has been taken 62 times
  • The average score is 32 of 35
Answer Stats
Type Answer % Correct
Found Letter A
100%
Found Letter N
100%
Found Letter R
100%
Alphabet Letter S
100%
Alphabet Letter K
98%
Alphabet Letter O
98%
Alphabet Letter B
96%
Alphabet Letter C
96%
Alphabet Letter E
96%
Found Letter L
96%
Found Letter D
94%
Alphabet Letter I
94%
Found Letter M
94%
Alphabet Letter T
94%
Alphabet Letter W
94%
Alphabet Letter H
93%
Alphabet Letter U
93%
Correctly Placed Letter A
91%
Alphabet Letter F
91%
Alphabet Letter G
91%
Found Letter Y
91%
Alphabet Letter P
87%
Alphabet Letter V
87%
Alphabet Letter X
87%
Alphabet Letter J
85%
Correctly Placed Letter M
85%
Alphabet Letter Z
85%
Correctly Placed Letter A
81%
Correctly Placed Letter D
81%
Correctly Placed Letter L
81%
Mystery U.S. State Maryland
81%
Correctly Placed Letter N
81%
Alphabet Letter Q
81%
Correctly Placed Letter R
81%
Correctly Placed Letter Y
81%
No matching quizzes found
Score Distribution
Percent of People with Each Score
Percentile by Number Answered
Your Score History
You have not taken this quiz